Imiona dla dziewczynek na 5 liter - Statystyki

Ogólne statystyki
  • Ten quiz został rozwiązany 117 razy
  • Średni wynik to 4 z 10
Statystyki odpowiedzi
Odpowiedź % Poprawnych
Julia
68%
Hanna
61%
Zofia
58%
Marta
52%
Agata
39%
Kinga
37%
Aneta
36%
Beata
30%
Eliza
20%
Edyta
15%
Nie znaleziono quizów pasujących do podanych kryteriów
Rozkład punktacji
Procent ludzi z każdym wynikiem
Percentyl według liczby udzielonych odpowiedzi
Twoja historia wyników
Nie rozwiązałeś tego quizu